[Event "MCR muzu 2023"]
[Site "?"]
[Date "2023.05.15"]
[Round "7.4"]
[White "Zwardon, Vojtech"]
[Black "Krejci, Jan"]
[Result "1-0"]
[BlackElo "2517"]
[WhiteElo "2494"]
[LiveChessVersion "1.4.8"]

1. c4 {[%clk 1:30:59]} Nf6 {[%clk 1:30:55]} 2. Nf3 {[%clk 1:31:25]} e6
{[%clk 1:30:21]} 3. b3 {[%clk 1:31:22]} d5 {[%clk 1:29:35]} 4. Bb2
{[%clk 1:31:13]} c5 {[%clk 1:24:25]} 5. g3 {[%clk 1:31:20]} Nc6 {[%clk 1:23:51]}
6. cxd5 {[%clk 1:31:46]} exd5 {[%clk 1:22:22]} 7. Bg2 {[%clk 1:32:08]} d4
{[%clk 1:16:33]} 8. O-O {[%clk 1:32:26]} Be7 {[%clk 1:16:55]} 9. Na3
{[%clk 1:32:52]} O-O {[%clk 1:16:59]} 10. Nc4 {[%clk 1:33:18]} Be6
{[%clk 1:11:35]} 11. e3 {[%clk 1:33:41]} Rc8 {[%clk 1:09:34]} 12. Re1
{[%clk 1:32:34]} Nb4 {[%clk 1:02:12]} 13. Nce5 {[%clk 1:24:27]} d3
{[%clk 1:02:30]} 14. Rf1 {[%clk 1:23:21]} b5 {[%clk 0:57:23]} 15. Ne1
{[%clk 1:17:11]} c4 {[%clk 0:55:50]} 16. bxc4 {[%clk 1:15:11]} bxc4
{[%clk 0:56:13]} 17. Qa4 {[%clk 1:14:52]} Nd7 {[%clk 0:48:20]} 18. a3
{[%clk 1:13:19]} Nxe5 {[%clk 0:45:54]} 19. axb4 {[%clk 1:08:33]} Nd7
{[%clk 0:45:53]} 20. Bc3 {[%clk 1:04:44]} Rc7 {[%clk 0:43:03]} 21. Nf3
{[%clk 1:03:46]} Bd5 {[%clk 0:37:58]} 22. Qa5 {[%clk 1:03:56]} Nb6
{[%clk 0:36:31]} 23. e4 {[%clk 1:02:20]} Ba8 {[%clk 0:35:06]} 24. Nd4
{[%clk 0:58:23]} Re8 {[%clk 0:27:40]} 25. Nb5 {[%clk 0:57:42]} Rd7
{[%clk 0:27:34]} 26. Nxa7 {[%clk 0:55:29]} Bf6 {[%clk 0:27:46]} 27. e5
{[%clk 0:46:13]} Bxg2 {[%clk 0:27:31]} 28. exf6 {[%clk 0:36:44]} Rd5
{[%clk 0:24:19]} 29. Qa6 {[%clk 0:33:58]} Rh5 {[%clk 0:23:23]} 30. Rfe1
{[%clk 0:28:58]} Re2 {[%clk 0:16:24]} 31. Rxe2 {[%clk 0:27:56]} dxe2
{[%clk 0:16:53]} 32. Kxg2 {[%clk 0:28:17]} Qd5+ {[%clk 0:15:23]} 33. Kg1
{[%clk 0:28:16]} Qe6 {[%clk 0:15:50]} 34. Qb7 {[%clk 0:28:19]} e1=Q+
{[%clk 0:14:50]} 35. Rxe1 {[%clk 0:28:42]} Qxe1+ {[%clk 0:15:17]} 36. Kg2
{[%clk 0:29:10]} Qe8 {[%clk 0:12:14]} 37. Qf3 {[%clk 0:25:51]} Rd5
{[%clk 0:11:26]} 38. b5 {[%clk 0:25:21]} gxf6 {[%clk 0:06:46]} 39. Bxf6
{[%clk 0:20:38]} Qe6 {[%clk 0:05:16]} 40. Qf4 {[%clk 0:17:11]} Nd7
{[%clk 0:04:10]} 41. Bc3 {[%clk 0:16:22]} Rh5 {[%clk 0:24:35]} 42. g4
{[%clk 0:44:39]} Rh6 {[%clk 0:21:28]} 43. Nc6 {[%clk 0:40:19]} Rg6
{[%clk 0:19:30]} 44. h3 {[%clk 0:40:34]} h5 {[%clk 0:17:31]} 45. Nd4
{[%clk 0:39:08]} Qd5+ {[%clk 0:16:40]} 46. f3 {[%clk 0:39:25]} hxg4
{[%clk 0:12:51]} 47. hxg4 {[%clk 0:39:53]} Qe5 {[%clk 0:09:25]} 48. Qxe5
{[%clk 0:39:34]} Nxe5 {[%clk 0:09:54]} 49. Nf5 {[%clk 0:39:54]} Re6
{[%clk 0:10:23]} 50. Ne3 {[%clk 0:38:48]} f6 {[%clk 0:07:48]} 51. Kg3
{[%clk 0:35:36]} Rb6 {[%clk 0:05:55]} 52. Nd5 {[%clk 0:35:47]} Rd6
{[%clk 0:05:55]} 53. Nxf6+ {[%clk 0:34:45]} Rxf6 {[%clk 0:06:24]} 54. Bxe5
{[%clk 0:35:09]} Rb6 {[%clk 0:06:51]} 55. f4 {[%clk 0:33:02]} Rxb5
{[%clk 0:07:18]} 56. Bc3 {[%clk 0:33:23]} Kf7 {[%clk 0:06:21]} 57. f5
{[%clk 0:33:25]} Rb1 {[%clk 0:06:12]} 58. g5 {[%clk 0:33:25]} Rg1+
{[%clk 0:03:37]} 59. Kf4 {[%clk 0:33:48]} Rf1+ {[%clk 0:03:22]} 60. Ke4
{[%clk 0:34:07]} Rg1 {[%clk 0:03:45]} 61. g6+ {[%clk 0:34:19]} Kg8
{[%clk 0:03:37]} 62. Kd5 {[%clk 0:34:17]} Rg2 {[%clk 0:03:00]} 63. Ke6
{[%clk 0:33:04]} Kf8 {[%clk 0:02:18]} 64. Be5 {[%clk 0:32:15]} Rg1
{[%clk 0:02:18]} 65. Bf4 {[%clk 0:27:04]} Kg7 {[%clk 0:02:07]} 66. Be5+
{[%clk 0:23:37]} Kf8 {[%clk 0:02:36]} 67. Bd4 {[%clk 0:23:54]} Rg2
{[%clk 0:02:18]} 68. Bc5+ {[%clk 0:23:48]} Kg7 {[%clk 0:02:44]} 69. f6+
{[%clk 0:23:39]} Kxg6 {[%clk 0:02:19]} 70. f7 {[%clk 0:24:01]} 1-0

[Event "MCR muzu 2023"]
[Site "?"]
[Date "2023.05.15"]
[Round "7.5"]
[White "Finek, Vaclav"]
[Black "Simacek, Pavel"]
[Result "1-0"]
[BlackElo "2466"]
[WhiteElo "2410"]
[LiveChessVersion "1.4.8"]

1. d4 {[%clk 1:30:58]} Nf6 {[%clk 1:30:36]} 2. g3 {[%clk 1:31:24]} c5
{[%clk 1:31:00]} 3. d5 {[%clk 1:31:49]} g6 {[%clk 1:30:55]} 4. Bg2
{[%clk 1:31:29]} d6 {[%clk 1:30:32]} 5. Nc3 {[%clk 1:30:31]} Bg7 {[%clk 1:30:16]}
6. Nf3 {[%clk 1:30:39]} O-O {[%clk 1:29:58]} 7. O-O {[%clk 1:31:01]} Nbd7
{[%clk 1:26:38]} 8. a4 {[%clk 1:27:16]} Rb8 {[%clk 1:25:43]} 9. e4
{[%clk 1:25:45]} a6 {[%clk 1:25:49]} 10. a5 {[%clk 1:22:38]} Qc7 {[%clk 1:21:58]}
11. h3 {[%clk 1:17:47]} Re8 {[%clk 1:20:27]} 12. Re1 {[%clk 1:16:38]} Ne5
{[%clk 0:59:02]} 13. Nxe5 {[%clk 1:00:23]} dxe5 {[%clk 0:57:39]} 14. Be3
{[%clk 1:00:47]} Bd7 {[%clk 0:48:54]} 15. Qe2 {[%clk 0:57:09]} Rec8
{[%clk 0:48:25]} 16. Na4 {[%clk 0:46:56]} Qxa5 {[%clk 0:37:54]} 17. Nxc5
{[%clk 0:46:03]} Qd8 {[%clk 0:38:01]} 18. b4 {[%clk 0:40:20]} Ne8
{[%clk 0:31:40]} 19. c4 {[%clk 0:39:45]} Nd6 {[%clk 0:31:56]} 20. Rac1
{[%clk 0:36:56]} Ra8 {[%clk 0:29:36]} 21. Qa2 {[%clk 0:31:52]} Be8
{[%clk 0:27:04]} 22. Nd3 {[%clk 0:29:30]} Qd7 {[%clk 0:15:21]} 23. c5
{[%clk 0:26:09]} Nb5 {[%clk 0:15:21]} 24. Nb2 {[%clk 0:25:48]} Rd8
{[%clk 0:15:28]} 25. Nc4 {[%clk 0:25:50]} Rab8 {[%clk 0:15:15]} 26. f4
{[%clk 0:20:45]} Qc7 {[%clk 0:03:19]} 27. fxe5 {[%clk 0:18:12]} Bxe5
{[%clk 0:03:31]} 28. Nxe5 {[%clk 0:18:16]} Qxe5 {[%clk 0:03:57]} 29. Bf4
{[%clk 0:17:36]} Qd4+ {[%clk 0:04:19]} 30. Kh2 {[%clk 0:16:15]} Qxb4
{[%clk 0:01:53]} 31. Bxb8 {[%clk 0:14:54]} Rxb8 {[%clk 0:02:20]} 32. e5
{[%clk 0:13:43]} Rc8 {[%clk 0:01:52]} 33. Re4 {[%clk 0:11:18]} Qa3
{[%clk 0:02:17]} 34. Qxa3 {[%clk 0:11:12]} Nxa3 {[%clk 0:02:43]} 35. e6
{[%clk 0:10:56]} f5 {[%clk 0:01:32]} 36. Ree1 {[%clk 0:10:45]} Nb5
{[%clk 0:01:57]} 37. Red1 {[%clk 0:10:11]} Kg7 {[%clk 0:01:54]} 38. d6
{[%clk 0:07:30]} Bc6 {[%clk 0:00:43]} 39. Bxc6 {[%clk 0:06:31]} bxc6
{[%clk 0:01:10]} 40. Ra1 {[%clk 0:06:08]} Rd8 {[%clk 0:00:36]} 41. Rxa6
{[%clk 0:02:39]} Nc3 {[%clk 0:25:35]} 42. Re1 {[%clk 0:26:27]} Ne4
{[%clk 0:18:18]} 43. d7 {[%clk 0:21:25]} Nxc5 {[%clk 0:14:25]} 44. Rxc6
{[%clk 0:21:46]} Nxd7 {[%clk 0:14:53]} 45. exd7 {[%clk 0:21:40]} Rxd7
{[%clk 0:15:19]} 46. Re2 {[%clk 0:21:35]} Kf7 {[%clk 0:15:45]} 47. Ra6
{[%clk 0:21:48]} Rb7 {[%clk 0:16:11]} 48. Kg2 {[%clk 0:21:57]} Rc7
{[%clk 0:16:33]} 49. Rea2 {[%clk 0:21:35]} Rb7 {[%clk 0:16:58]} 50. Ra7
{[%clk 0:18:07]} 1-0

[Event "MCR muzu 2023"]
[Site "?"]
[Date "2023.05.16"]
[Round "8.1"]
[White "Plat, Vojtech"]
[Black "Simacek, Pavel"]
[Result "1/2-1/2"]
[BlackElo "2466"]
[WhiteElo "2535"]
[LiveChessVersion "1.4.8"]

1. e4 {[%clk 1:30:45]} c5 {[%clk 1:30:42]} 2. Nf3 {[%clk 1:31:01]} Nf6
{[%clk 1:31:06]} 3. e5 {[%clk 1:30:45]} Nd5 {[%clk 1:31:29]} 4. Nc3
{[%clk 1:31:11]} e6 {[%clk 1:31:44]} 5. Ne4 {[%clk 1:30:40]} f5 {[%clk 1:31:40]}
6. exf6 {[%clk 1:30:41]} Nxf6 {[%clk 1:31:47]} 7. Qe2 {[%clk 1:30:00]} Nc6
{[%clk 1:26:50]} 8. d3 Be7 9. h4 {[%clk 1:30:27]} d5 {[%clk 1:10:37]} 10. Nxf6+
{[%clk 1:24:16]} Bxf6 {[%clk 1:08:55]} 11. Ng5 {[%clk 1:21:52]} Nd4
{[%clk 0:55:31]} 12. Qd1 {[%clk 1:20:42]} h6 {[%clk 0:55:28]} 13. Nh3
{[%clk 1:17:43]} O-O {[%clk 0:45:36]} 14. c3 {[%clk 1:18:01]} Nc6
{[%clk 0:46:02]} 15. g3 {[%clk 1:17:30]} e5 {[%clk 0:42:04]} 16. Bg2
{[%clk 1:17:56]} Be6 {[%clk 0:42:10]} 17. f3 {[%clk 1:17:03]} Qd7
{[%clk 0:35:37]} 18. Nf2 {[%clk 1:17:21]} Rae8 {[%clk 0:33:13]} 19. O-O
{[%clk 1:17:25]} Ne7 {[%clk 0:30:17]} 20. Ng4 {[%clk 1:17:07]} Nf5
{[%clk 0:30:17]} 21. Nxf6+ {[%clk 1:15:59]} Rxf6 {[%clk 0:30:33]} 22. Qe1
{[%clk 1:16:27]} Nd6 {[%clk 0:19:00]} 23. g4 {[%clk 1:05:30]} e4 {[%clk 0:18:59]}
24. g5 {[%clk 1:05:40]} Rf7 {[%clk 0:19:03]} 25. dxe4 {[%clk 1:05:31]} dxe4
{[%clk 0:19:15]} 26. fxe4 {[%clk 1:02:57]} Bd5 {[%clk 0:08:39]} 27. Rxf7
{[%clk 1:02:42]} Qxf7 {[%clk 0:09:01]} 28. Qf2 {[%clk 1:01:01]} Qxf2+
{[%clk 0:06:29]} 29. Kxf2 {[%clk 1:01:29]} Bxe4 {[%clk 0:06:54]} 30. gxh6
{[%clk 1:01:35]} Bxg2 {[%clk 0:03:10]} 31. Kxg2 {[%clk 1:02:00]} Re1
{[%clk 0:03:36]} 32. hxg7 {[%clk 1:00:29]} Nf5 {[%clk 0:03:40]} 33. Kf2
{[%clk 1:00:25]} Rh1 {[%clk 0:04:04]} 34. b3 {[%clk 1:00:11]} Nxh4
{[%clk 0:03:14]} 35. Ke3 {[%clk 0:59:06]} Re1+ {[%clk 0:01:05]} 36. Kd3
{[%clk 0:58:31]} Nf3 {[%clk 0:01:28]} 37. Kc4 {[%clk 0:53:04]} Ne5+
{[%clk 0:01:43]} 38. Kd5 {[%clk 0:53:28]} Nd3 {[%clk 0:00:52]} 39. Bb2
{[%clk 0:53:57]} Re7 {[%clk 0:00:42]} 40. Ba3 {[%clk 0:54:16]} Rd7+
{[%clk 0:00:39]} 41. Ke4 {[%clk 0:53:30]} b5 {[%clk 0:19:04]} 42. Ke3
{[%clk 1:23:56]} Kxg7 {[%clk 0:19:16]} 43. Rd1 {[%clk 1:21:59]} c4
{[%clk 0:19:31]} 44. Rf1 {[%clk 1:18:11]} Kg6 {[%clk 0:05:21]} 45. bxc4
{[%clk 1:18:24]} Ne5 {[%clk 0:05:17]} 46. Ke4 {[%clk 1:17:59]} Nxc4
{[%clk 0:05:41]} 47. Rg1+ {[%clk 1:18:13]} Kf7 {[%clk 0:05:32]} 48. Bc5
{[%clk 1:18:36]} Nd2+ {[%clk 0:05:10]} 49. Kf4 {[%clk 1:18:50]} Ke6
{[%clk 0:05:12]} 50. Bd4 {[%clk 1:17:42]} Rf7+ {[%clk 0:04:27]} 51. Ke3
{[%clk 1:18:09]} Nc4+ {[%clk 0:04:19]} 52. Kd3 {[%clk 1:18:22]} Nd6
{[%clk 0:03:19]} 53. Rg5 {[%clk 1:18:16]} a5 {[%clk 0:03:07]} 54. a4
{[%clk 1:17:38]} Rb7 {[%clk 0:03:05]} 55. Bc5 {[%clk 1:14:03]} Nf7
{[%clk 0:03:18]} 56. Rg6+ {[%clk 1:14:25]} Kd5 {[%clk 0:03:28]} 57. Bd4
{[%clk 1:14:53]} Nd6 {[%clk 0:02:15]} 58. Rg8 {[%clk 1:14:47]} bxa4
{[%clk 0:01:58]} 59. Rg5+ {[%clk 1:15:03]} Kc6 {[%clk 0:02:23]} 60. Rxa5
{[%clk 1:15:31]} Nb5 {[%clk 0:02:37]} 61. Ra6+ {[%clk 1:15:38]} Kd7
{[%clk 0:02:59]} 62. Bf2 {[%clk 1:15:08]} a3 {[%clk 0:02:10]} 63. c4
{[%clk 1:15:27]} Nd6 {[%clk 0:02:22]} 64. Rxa3 {[%clk 1:15:00]} Rc7
{[%clk 0:01:51]} 65. c5 {[%clk 1:15:20]} Nb5 {[%clk 0:02:17]} 66. Ra6
{[%clk 1:14:47]} Rc6 {[%clk 0:02:02]} 67. Ra5 {[%clk 1:15:13]} Nc7
{[%clk 0:02:28]} 68. Bg3 {[%clk 1:15:38]} Ne6 {[%clk 0:02:27]} 69. Bf2
{[%clk 1:15:08]} Nc7 {[%clk 0:02:53]} 70. Ra1 {[%clk 1:14:21]} Rf6
{[%clk 0:03:03]} 71. Bd4 {[%clk 1:14:25]} Ra6 {[%clk 0:03:12]} 72. Rh1
{[%clk 1:14:51]} Rg6 {[%clk 0:03:37]} 73. Rb1 {[%clk 1:14:46]} Ra6
{[%clk 0:03:48]} 74. Ke4 {[%clk 1:13:58]} Kc6 {[%clk 0:03:58]} 75. Ke5
{[%clk 1:14:16]} Nb5 {[%clk 0:03:53]} 76. Rh1 {[%clk 1:14:32]} Nxd4
{[%clk 0:02:53]} 77. Rh6+ {[%clk 1:14:59]} Kb5 {[%clk 0:03:00]} 78. Rxa6
{[%clk 1:15:25]} Nf3+ {[%clk 0:02:27]} 79. Kd6 {[%clk 1:15:32]} Kxa6
{[%clk 0:02:53]} 80. c6 {[%clk 1:16:00]} Nd4 {[%clk 0:03:19]} 81. c7
{[%clk 1:16:29]} Nb5+ {[%clk 0:03:45]} 82. Kc6 {[%clk 1:16:47]} Nxc7 1/2-1/2

[Event "MCR muzu 2023"]
[Site "?"]
[Date "2023.05.16"]
[Round "8.2"]
[White "Krejci, Jan"]
[Black "Finek, Vaclav"]
[Result "1-0"]
[BlackElo "2410"]
[WhiteElo "2517"]
[LiveChessVersion "1.4.8"]

1. d4 {[%clk 1:30:57]} d5 {[%clk 1:30:51]} 2. Nf3 {[%clk 1:31:21]} Nf6
{[%clk 1:31:11]} 3. Bf4 {[%clk 1:31:45]} e6 {[%clk 1:31:13]} 4. e3
{[%clk 1:32:05]} Bd6 {[%clk 1:31:05]} 5. Nbd2 {[%clk 1:32:28]} O-O
{[%clk 1:28:03]} 6. Bd3 {[%clk 1:32:52]} c5 {[%clk 1:24:40]} 7. dxc5
{[%clk 1:33:16]} Bxf4 {[%clk 1:11:55]} 8. exf4 {[%clk 1:33:45]} Qc7
{[%clk 1:12:11]} 9. g3 {[%clk 1:34:09]} Qxc5 {[%clk 1:12:31]} 10. O-O
{[%clk 1:34:32]} Nc6 {[%clk 1:11:08]} 11. a3 {[%clk 1:29:20]} b6 {[%clk 1:07:01]}
12. Re1 {[%clk 1:25:08]} Bb7 {[%clk 1:04:08]} 13. Qe2 {[%clk 1:17:19]} Rfd8
{[%clk 0:57:34]} 14. Nb3 {[%clk 1:13:46]} Qf8 {[%clk 0:56:02]} 15. Rad1
{[%clk 1:13:44]} g6 {[%clk 0:48:53]} 16. c3 {[%clk 1:12:08]} Nd7 {[%clk 0:48:01]}
17. Bb5 {[%clk 1:07:19]} Nc5 {[%clk 0:43:31]} 18. Bxc6 {[%clk 1:07:00]} Bxc6
{[%clk 0:43:56]} 19. Nbd4 {[%clk 1:07:26]} Ba4 {[%clk 0:41:27]} 20. Rd2
{[%clk 1:07:19]} Rac8 {[%clk 0:39:13]} 21. h4 {[%clk 1:06:28]} h5
{[%clk 0:34:54]} 22. Ng5 {[%clk 1:06:52]} Nb3 {[%clk 0:25:43]} 23. Rd3
{[%clk 0:43:01]} Nxd4 {[%clk 0:22:54]} 24. Rxd4 {[%clk 0:43:29]} Bd7
{[%clk 0:20:53]} 25. Nf3 {[%clk 0:43:16]} Be8 {[%clk 0:18:50]} 26. Ne5
{[%clk 0:43:05]} f6 {[%clk 0:15:13]} 27. Nf3 {[%clk 0:43:29]} Bf7
{[%clk 0:15:38]} 28. Rd3 {[%clk 0:43:43]} Re8 {[%clk 0:14:36]} 29. Re3
{[%clk 0:44:06]} Rc6 {[%clk 0:09:40]} 30. Nd4 {[%clk 0:36:19]} Rd6
{[%clk 0:10:03]} 31. g4 {[%clk 0:36:46]} Qh6 {[%clk 0:07:25]} 32. g5
{[%clk 0:35:05]} Qg7 {[%clk 0:05:30]} 33. Kg2 {[%clk 0:35:27]} Kh8
{[%clk 0:03:33]} 34. Kg3 {[%clk 0:33:04]} Kh7 {[%clk 0:02:20]} 35. Nf3
{[%clk 0:31:51]} Kg8 {[%clk 0:02:19]} 36. Qd3 {[%clk 0:31:40]} Rc8
{[%clk 0:01:44]} 37. Qd4 {[%clk 0:29:24]} fxg5 {[%clk 0:02:00]} 38. fxg5
{[%clk 0:27:55]} Qxd4 {[%clk 0:00:50]} 39. Nxd4 {[%clk 0:27:39]} Re8
{[%clk 0:01:16]} 40. Nf3 {[%clk 0:24:55]} Rf8 {[%clk 0:00:41]} 41. Rd1
{[%clk 0:25:08]} b5 {[%clk 0:29:37]} 42. Rd4 {[%clk 0:54:02]} Be8
{[%clk 0:28:23]} 43. Rf4 {[%clk 0:53:41]} Rb6 {[%clk 0:26:55]} 44. Nd4
{[%clk 0:53:17]} Bf7 {[%clk 0:26:26]} 45. Rf6 {[%clk 0:50:15]} Re8
{[%clk 0:26:41]} 46. Nf3 {[%clk 0:50:32]} Rf8 {[%clk 0:25:33]} 47. Ne5
{[%clk 0:44:13]} Be8 {[%clk 0:25:47]} 48. Ref3 {[%clk 0:44:38]} Rxf6
{[%clk 0:26:08]} 49. Rxf6 {[%clk 0:45:02]} Kg7 {[%clk 0:26:24]} 50. Kf3
{[%clk 0:44:39]} Rd6 {[%clk 0:24:04]} 51. Ke3 {[%clk 0:44:54]} Ra6
{[%clk 0:23:44]} 52. Nd3 {[%clk 0:40:03]} Bf7 {[%clk 0:21:20]} 53. f4
{[%clk 0:38:45]} Rb6 {[%clk 0:20:32]} 54. Kd4 {[%clk 0:39:04]} Ra6
{[%clk 0:17:07]} 55. Nc5 {[%clk 0:36:08]} Rc6 {[%clk 0:16:25]} 56. b3
{[%clk 0:35:52]} a5 {[%clk 0:14:25]} 57. b4 {[%clk 0:30:35]} axb4
{[%clk 0:07:21]} 58. axb4 {[%clk 0:31:03]} Rd6 {[%clk 0:05:08]} 59. Kd3
{[%clk 0:26:07]} Rb6 {[%clk 0:02:06]} 60. Nb3 {[%clk 0:26:14]} Ra6
{[%clk 0:00:41]} 61. Nd4 {[%clk 0:26:11]} Ra1 {[%clk 0:00:33]} 62. Nxb5
{[%clk 0:26:24]} Rh1 {[%clk 0:00:43]} 63. Nd6 {[%clk 0:26:48]} Bg8
{[%clk 0:00:55]} 64. Ne8+ {[%clk 0:27:12]} Kh8 {[%clk 0:01:13]} 65. Rf8
{[%clk 0:27:35]} Rxh4 {[%clk 0:01:31]} 66. Nf6 {[%clk 0:27:54]} Rh1
{[%clk 0:01:09]} 67. Rxg8# 1-0

[Event "MCR muzu 2023"]
[Site "?"]
[Date "2023.05.16"]
[Round "8.3"]
[White "Petr, Martin"]
[Black "Zwardon, Vojtech"]
[Result "1-0"]
[BlackElo "2494"]
[WhiteElo "2478"]
[LiveChessVersion "1.4.8"]

1. e4 {[%clk 1:30:56]} c5 {[%clk 1:30:58]} 2. Nf3 {[%clk 1:31:20]} g6
{[%clk 1:31:26]} 3. c3 {[%clk 1:31:08]} d5 {[%clk 1:31:48]} 4. exd5
{[%clk 1:30:51]} Nf6 {[%clk 1:28:50]} 5. Bb5+ {[%clk 1:26:26]} Nbd7
{[%clk 1:29:13]} 6. d4 {[%clk 1:24:33]} cxd4 {[%clk 1:29:37]} 7. Qxd4
{[%clk 1:24:37]} Bg7 {[%clk 1:30:04]} 8. O-O {[%clk 1:13:32]} O-O
{[%clk 1:30:06]} 9. d6 {[%clk 1:11:32]} e6 {[%clk 1:28:58]} 10. Na3
{[%clk 1:02:22]} a6 {[%clk 1:29:15]} 11. Bxd7 {[%clk 0:55:24]} Bxd7
{[%clk 1:29:40]} 12. Bf4 {[%clk 0:55:49]} Bc6 {[%clk 1:24:18]} 13. Ne5
{[%clk 0:54:53]} Nh5 {[%clk 1:24:27]} 14. Nxc6 {[%clk 0:50:01]} Bxd4
{[%clk 1:23:55]} 15. Nxd8 {[%clk 0:50:24]} Rfxd8 {[%clk 1:23:29]} 16. Bg5
{[%clk 0:47:18]} f6 {[%clk 1:19:06]} 17. Be3 {[%clk 0:40:19]} Be5
{[%clk 1:11:28]} 18. g4 {[%clk 0:35:10]} Nf4 {[%clk 1:08:30]} 19. Nc4
{[%clk 0:35:37]} Nd3 {[%clk 1:08:25]} 20. Bb6 {[%clk 0:25:56]} Rdc8
{[%clk 1:08:20]} 21. Rad1 {[%clk 0:23:58]} Rxc4 {[%clk 1:06:04]} 22. Rxd3
{[%clk 0:23:34]} Rc6 {[%clk 1:05:13]} 23. d7 {[%clk 0:23:31]} Rxb6
{[%clk 1:05:41]} 24. d8=Q+ {[%clk 0:23:55]} Rxd8 {[%clk 1:06:08]} 25. Rxd8+
{[%clk 0:24:17]} Kg7 {[%clk 1:06:38]} 26. Rd7+ {[%clk 0:21:50]} Kh6
{[%clk 1:06:52]} 27. f4 {[%clk 0:20:23]} Bb8 {[%clk 1:07:09]} 28. Rf3
{[%clk 0:20:40]} g5 {[%clk 1:07:36]} 29. Rh3+ {[%clk 0:20:07]} Kg6
{[%clk 1:08:05]} 30. Rhxh7 {[%clk 0:20:09]} Bxf4 {[%clk 1:08:31]} 31. Rdg7# 1-0

[Event "MCR muzu 2023"]
[Site "?"]
[Date "2023.05.16"]
[Round "8.4"]
[White "Stocek, Jiri"]
[Black "Navara, David"]
[Result "1/2-1/2"]
[BlackElo "2678"]
[WhiteElo "2525"]
[LiveChessVersion "1.4.8"]

1. d4 {[%clk 1:30:54]} Nf6 {[%clk 1:30:57]} 2. Nf3 {[%clk 1:31:08]} d5
{[%clk 1:31:20]} 3. Bg5 {[%clk 1:30:41]} Ne4 {[%clk 1:31:04]} 4. Bf4
{[%clk 1:30:50]} c5 {[%clk 1:29:57]} 5. e3 {[%clk 1:29:06]} Qb6 {[%clk 1:29:05]}
6. Nc3 {[%clk 1:27:48]} Nxc3 {[%clk 1:29:26]} 7. bxc3 {[%clk 1:28:12]} Qa5
{[%clk 1:29:18]} 8. Qd2 {[%clk 1:22:21]} c4 {[%clk 1:29:02]} 9. e4
{[%clk 1:20:22]} e6 {[%clk 1:22:58]} 10. Be2 {[%clk 1:13:39]} Ba3
{[%clk 1:10:01]} 11. O-O {[%clk 1:07:23]} O-O {[%clk 0:59:09]} 12. Rab1
{[%clk 0:47:18]} Nd7 {[%clk 0:58:40]} 13. Ne5 {[%clk 0:40:25]} Nb6
{[%clk 0:53:17]} 14. exd5 {[%clk 0:37:09]} exd5 {[%clk 0:52:57]} 15. Bg4
{[%clk 0:36:34]} f6 {[%clk 0:50:09]} 16. Bxc8 {[%clk 0:36:54]} Raxc8
{[%clk 0:50:28]} 17. Ng4 {[%clk 0:36:57]} Qa4 {[%clk 0:43:44]} 18. Rfe1
{[%clk 0:35:58]} Rfe8 {[%clk 0:38:18]} 19. h3 {[%clk 0:29:25]} Qd7
{[%clk 0:35:27]} 20. Bg3 {[%clk 0:22:36]} Na4 {[%clk 0:34:01]} 21. Bh4
{[%clk 0:20:15]} Bb2 {[%clk 0:25:30]} 22. Qf4 {[%clk 0:11:10]} Nxc3
{[%clk 0:22:32]} 23. Nxf6+ {[%clk 0:10:25]} gxf6 {[%clk 0:22:54]} 24. Bxf6
{[%clk 0:10:52]} Qf7 {[%clk 0:11:50]} 25. Qg5+ {[%clk 0:07:23]} Qg6
{[%clk 0:12:01]} 26. Rxe8+ {[%clk 0:07:37]} Rxe8 {[%clk 0:12:24]} 27. Rxb2
{[%clk 0:05:53]} b5 {[%clk 0:10:23]} 28. Qh4 {[%clk 0:03:01]} Re4
{[%clk 0:07:18]} 29. g4 {[%clk 0:03:10]} Re1+ {[%clk 0:07:04]} 30. Kh2
{[%clk 0:03:31]} h6 {[%clk 0:06:46]} 31. Be5 {[%clk 0:03:02]} Qg5
{[%clk 0:06:33]} 32. Qxg5+ {[%clk 0:02:53]} hxg5 {[%clk 0:06:57]} 33. a4
{[%clk 0:02:37]} Rb1 {[%clk 0:01:38]} 34. Rxb1 {[%clk 0:02:51]} Nxb1
{[%clk 0:02:04]} 35. axb5 {[%clk 0:03:19]} Na3 {[%clk 0:02:27]} 36. f4
{[%clk 0:01:08]} gxf4 {[%clk 0:02:35]} 37. h4 {[%clk 0:01:05]} Nxc2
{[%clk 0:02:07]} 38. g5 {[%clk 0:01:12]} Ne1 {[%clk 0:00:38]} 39. Bxf4
{[%clk 0:01:10]} Nf3+ {[%clk 0:00:50]} 40. Kg3 {[%clk 0:00:47]} Nxd4
{[%clk 0:01:14]} 41. Be5 {[%clk 0:29:24]} Nf5+ {[%clk 0:07:35]} 42. Kg4
{[%clk 0:28:51]} Ne3+ {[%clk 0:07:26]} 43. Kf3 {[%clk 0:18:27]} Nf5
{[%clk 0:07:26]} 44. h5 {[%clk 0:17:56]} d4 {[%clk 0:07:06]} 45. Kf4
{[%clk 0:13:28]} d3 {[%clk 0:05:45]} 46. Bc3 {[%clk 0:13:56]} Nd4
{[%clk 0:05:50]} 47. Ke3 {[%clk 0:12:06]} Nxb5 {[%clk 0:01:16]} 48. Be5
{[%clk 0:12:28]} Kh7 {[%clk 0:01:42]} 49. g6+ {[%clk 0:10:59]} Kh6
{[%clk 0:02:08]} 50. Bf4+ {[%clk 0:11:21]} Kg7 {[%clk 0:02:33]} 51. Be5+
{[%clk 0:07:04]} Kh6 {[%clk 0:02:54]} 52. Bf4+ {[%clk 0:07:32]} Kg7
{[%clk 0:03:16]} 53. Be5+ {[%clk 0:07:14]} Kh6 {[%clk 0:03:29]} 1/2-1/2

[Event "MCR muzu 2023"]
[Site "?"]
[Date "2023.05.16"]
[Round "8.5"]
[White "Babula, Vlastimil"]
[Black "Kraus, Tomas"]
[Result "1/2-1/2"]
[BlackElo "2473"]
[WhiteElo "2533"]
[LiveChessVersion "1.4.8"]

1. d4 {[%clk 1:30:55]} d5 {[%clk 1:30:51]} 2. c4 {[%clk 1:31:11]} e6
{[%clk 1:31:16]} 3. Nc3 {[%clk 1:31:20]} Nf6 {[%clk 1:31:32]} 4. Nf3
{[%clk 1:31:10]} c5 {[%clk 1:31:00]} 5. cxd5 {[%clk 1:30:47]} cxd4
{[%clk 1:30:46]} 6. Qxd4 {[%clk 1:30:00]} exd5 {[%clk 1:30:29]} 7. Bg5
{[%clk 1:28:28]} Be7 {[%clk 1:30:04]} 8. e3 {[%clk 1:28:06]} O-O {[%clk 1:30:01]}
9. Be2 {[%clk 1:27:54]} h6 {[%clk 1:29:55]} 10. Bh4 {[%clk 1:27:55]} Nc6
{[%clk 1:30:21]} 11. Qd3 {[%clk 1:27:54]} Qb6 {[%clk 1:29:34]} 12. O-O
{[%clk 1:22:43]} Rd8 {[%clk 1:29:02]} 13. Rfd1 {[%clk 1:06:18]} Be6
{[%clk 1:29:09]} 14. Qb5 {[%clk 1:05:46]} Qxb5 {[%clk 1:28:52]} 15. Nxb5
{[%clk 1:03:31]} g5 {[%clk 1:29:03]} 16. Bg3 {[%clk 1:03:51]} Ne4
{[%clk 1:29:27]} 17. Nfd4 {[%clk 0:59:11]} Nxd4 {[%clk 1:18:10]} 18. Nxd4
{[%clk 0:59:21]} Nxg3 {[%clk 1:15:54]} 19. hxg3 {[%clk 0:59:26]} Bf6
{[%clk 1:15:50]} 20. Rac1 {[%clk 0:55:48]} Rac8 {[%clk 1:14:41]} 21. f4
{[%clk 0:49:31]} Bxd4 {[%clk 1:06:25]} 22. exd4 {[%clk 0:48:47]} Rxc1
{[%clk 1:05:55]} 23. Rxc1 {[%clk 0:49:11]} Rc8 {[%clk 1:06:22]} 24. Rxc8+
{[%clk 0:47:16]} Bxc8 {[%clk 1:06:47]} 25. Kf2 {[%clk 0:47:04]} f6
{[%clk 1:03:59]} 26. Ke3 {[%clk 0:41:40]} Kf8 {[%clk 1:01:42]} 27. g4
{[%clk 0:40:24]} Ke7 {[%clk 1:01:36]} 28. f5 {[%clk 0:39:36]} Bd7
{[%clk 1:01:52]} 29. Kd2 {[%clk 0:39:01]} Kd6 {[%clk 1:01:46]} 30. Kc3
{[%clk 0:38:48]} Kc7 {[%clk 0:58:16]} 1/2-1/2